College Quizbowl Stats
College Quizbowl Stats
Circuits
Seasons
Sets
Records
Detailed Stats
About
Loading...
2023 ARCADIA at Duke
Tossups
Bonuses
Players
Teams
Categories (Tossup)
Categories (Bonus)
Logan Mitchell
James Madison A
Categories
Category
Powers
Gets
Negs
BBs
Points
Earliest Buzz
Avg. Buzz
First Buzzes
Top 3 Buzzes
History - World History
0
2
0
0
20
104
110.00
0
2
Science - Physics
0
1
0
0
10
114
114.00
0
1
Social Science
0
1
0
0
10
105
105.00
0
1
Literature - European Literature
0
0
0
0
0
0.00
0
0
Buzzes
Category
Answer
Value
Buzz Position
History - World History
Umayyad Caliphate
10
104
Social Science
cognitive
10
105
Science - Physics
entanglement
10
114
History - World History
Chile
10
116
Literature - European Literature
the novels in If on a winter’s night, a traveler
0
143
Previous
1
Next